| 000 | 00611 a2200193 4500 | ||
|---|---|---|---|
| 999 |
_c10459 _d10459 |
||
| 020 | _a9780128093740 | ||
| 050 | _aTA417.6 GUO 2017 | ||
| 100 |
_aGuo, Boyun _eauthor |
||
| 245 |
_aPetroleum Production Engineering / _cBoyun Guo; Xinghui Liu; Xuehao Tan |
||
| 264 |
_aHampshire: _bElsevier Science and Technology Books, Inc., _c 2017. |
||
| 300 | _axl., 780 pages | ||
| 500 | _alncludes index | ||
| 650 | _a Deformations (Mechanics) | ||
| 650 | _a Fracture mechanics | ||
| 650 | _aElectronic books. | ||
| 700 |
_aLiu., Xinghui _eauthor |
||
| 700 |
_aTan, Xuehao _eauthor |
||
| 942 |
_2lcc _cBK _h417.6 _iGUO _kTA |
||